Rip. van Winkle and Anderes / (Record no. 83528)

MARC details
000 -LEADER
campo de control de longitud fija 00606nam a2200181 i 4500
001 - NÚMERO DE CONTROL
campo de control 83528
003 - IDENTIFICADOR DE NÚMERO DE CONTROL
campo de control ES-MaACL
007 - CAMPO FIJO DE DESCRIPCIÓN FÍSICA--INFORMACIÓN GENERAL
campo de control de longitud fija t|
008 - DATOS DE LONGITUD FIJA--INFORMACIÓN GENERAL
campo de control de longitud fija 041117q19001999gw ||||1| ger d
100 0# - ENTRADA PRINCIPAL--NOMBRE DE PERSONA
Nombre de persona Irving, Washington,
Fechas asociadas al nombre 1783-1859
9 (RLIN) 65506
245 10 - MENCIÓN DEL TÍTULO
Título Rip. van Winkle and Anderes /
Mención de responsabilidad, etc. von Washington Irving ; englische bearbeitung und Ubertragung ins Deutsche von E. Springer und H. Sebede.
260 ## - PUBLICACIÓN, DISTRIBUCIÓN, ETC.
Lugar de publicación, distribución, etc. Berlin :
Nombre del editor, distribuidor, etc. Augurt Scherl,
Fecha de publicación, distribución, etc. [19--?]
300 ## - DESCRIPCIÓN FÍSICA
Extensión 113 p. ;
Dimensiones 16 cm.
700 1# - ENTRADA AGREGADA--NOMBRE PERSONAL
Nombre de persona Springer, E.
9 (RLIN) 107808
700 1# - ENTRADA AGREGADA--NOMBRE PERSONAL
Nombre de persona Sebede, H.
9 (RLIN) 105024
852 ## - LOCALIZACIÓN
Ubicación ES-MaACL
Número de control de estantería G-340
Holdings
Estatus retirado Estado de pérdida Estado de daño No para préstamo Colección Biblioteca de origen Biblioteca actual Ubicación en estantería Fecha de adquisición Fuente de adquisición Total de préstamos Signatura topográfica completa Código de barras Visto por última vez Precio de reemplazo Tipo de ítem Koha
        Libros del s. XIX Biblioteca del Ateneo de Madrid Biblioteca del Ateneo de Madrid Depósito 2 17/01/2008     G-340 1087302 23/02/2023 23/02/2023 Libro impreso antiguo